00373pab a2200145 454500008004000000100001700040245004700057260000900104300001500113362001100128650001400139700001800153700002200171773003400193180718b2013 xxu||||| |||| 00| 0 eng d aSanjay Kumar aThe weakening of electoral anti-incumbency c2013 ap.128-131. a30 Mar aElections aGupta, Pranav aSardesai, Shreyas aEconomic and Political Weekly